Ricostruisci la Carriera del Calciatore - Emerson Palmieri - Statistics

Statistiche generali
  • Questo quiz è stato fatto 3 volte
  • Il punteggio medio è 4 su 6
Statistiche sulle risposte
Hint Risposta % Corretto
2014-2015 Palermo
100%
2015-2018 Roma
100%
2018-2021 Chelsea
50%
2011-2014 Santos
50%
2022- West Ham Utd
50%
2021-2022 Olympique Lione
0%
Nessun quiz corrispondente trovato
Distribuzione punteggi
Percentuale di utenti per punteggio
Percentile per numero di risposta
I tuoi punteggi nel tempo
Non hai fatto questo quiz